Otazníky kolem elektronického obchodu

Pretrvávajúca nedôvera spotrebiteľov voči elektronickému obchodu. Prognóza vzrastu objemu el. obchodu. Zdokonaľovanie služieb firiem potrebné pre zlepšovanie kvality elektronického obchodu. Nové prístupy zavádzané v nakupovaní cez internet.

Na minha lista:
Detalhes bibliográficos
Autor principal: Máchová, Alena
Formato: Capítulo de Livro
Idioma:tcheco
Assuntos:
Tags: Adicionar Tag
Sem tags, seja o primeiro a adicionar uma tag!

MARC

LEADER 00000naa a2200000 4500
001 r035278
005 20230727094527.3
041 0 |a cze 
044 |a CZ 
245 1 0 |a Otazníky kolem elektronického obchodu  |c Alena Máchová 
520 |a Pretrvávajúca nedôvera spotrebiteľov voči elektronickému obchodu. Prognóza vzrastu objemu el. obchodu. Zdokonaľovanie služieb firiem potrebné pre zlepšovanie kvality elektronického obchodu. Nové prístupy zavádzané v nakupovaní cez internet. 
610 2 0 |a obchod elektronický 
610 2 0 |a domy obchodné virtuálne 
610 2 0 |a predaj 
610 2 0 |a technika obchodná 
610 2 0 |a inovácia 
610 2 0 |a služby 
610 2 0 |a zákazníci 
100 1 |a Máchová, Alena